Normal view
MARC view
- ISLAM-MAZHAB INSAN KEY ZARORAT HAI
Entry Topical Term
001 - CONTROL NUMBER
- control field: 63394
003 - CONTROL NUMBER IDENTIFIER
- control field: NUST
005 - DATE AND TIME OF LATEST TRANSACTION
- control field: 20210628203119.0
008 - FIXED-LENGTH DATA ELEMENTS
- fixed length control field: 210628|| aca||aabn | a|a d
040 ## - CATALOGING SOURCE
- Original cataloging agency: NUST
- Transcribing agency: NUST
150 ## - HEADING--TOPICAL TERM
- Topical term or geographic name entry element: ISLAM-MAZHAB INSAN KEY ZARORAT HAI
670 ## - SOURCE DATA FOUND
- Source citation: Work cat.: (NUST): Muhmmad Amanat Rasool 63393, Mazhab insan key zarorat hai, 2003
